00926nam a2200265 a 450000100060000000300080000600500170001400800390003102000150007002000220008503500190010704000320012604100080015808200260016610000300019224500630022226000980028530000250038350400400040865000200044865000230046894200120049199900170050395201400052031008BD-RjUL20211209051641.0140413r19831982enk b 001 0 eng a052124501X a0521270774 (pbk.) a(BD-RjUL)31095 aDLCcDLCdDLCdBD-RjULbeng aeng00a320.011219bSAL 19831 aSandel, Michael J.99427110aLiberalism and the limits of justice /cMichael J. Sandel. aCambridge [Cambridgeshire] ;aNew York :bCambridge University Press,c1982 [Reprinted 1983]. aix, 191 p. ;c24 cm. aBibliography: p. 184-186 and index. 0aJustice.994272 0aLiberalism.994273 2ddccBK c31008d31008 00102ddc40718NFICaRUCLbRUCLcReadingd1986-01-02eKarim Int.g6.50l0o320.011 SAL 1983r2014-04-13 00:00:00tC-1w2014-04-13yBK